Statistics for Indian Food

Click here to take the quiz!

General Stats

  • This quiz has been taken 383 times
  • The average score is 11 of 16

Answer Stats

Answer% Correct
Samosa
98%
Dosa
92%
Pani Puri/Golgappa/Phuchka
86%
Gulab Jamun
83%
Idli
83%
Jalebi
81%
Biryani
80%
Pav Bhaji
71%
Ladoo/Laddu
68%
Momos
65%
Vada Pav
63%
Ras Malai
62%
Dhokla
58%
Poha
58%
Chole Bhature
46%
Dahi Puri
45%

Score Distribution

Percentile by Number Answered

Percent of People with Each Score

Your Score History

You have not taken this quiz